Hauptstädte Südamerikas - Statistiken

Allgemein
  • Dieses Quiz wurde 110 mal gespielt
  • Das Durchschnittsergebnis liegt bei 9 aus 12
Antwortstatistiken
Land Hauptstadt % Korrekt
Brasilien Brasília
100%
Argentinien Buenos Aires
97%
Peru Lima
90%
Uruguay Montevideo
88%
Chile Santiago
85%
Kolumbien Bogotá
82%
Bolivien La Paz oder Sucre
78%
Ecuador Quito
73%
Venezuela Caracas
72%
Paraguay Asunción
61%
Guyana Georgetown
49%
Suriname Paramaribo
36%
Keine übereinstimmenden Quizze gefunden
Verteilung der Resultate
Anzahl Personen mit jedem Resultat
Perzentil nach korrekt beantworteten Fragen
Ihre Resultats-Entwicklung
Sie haben dieses Quiz noch nicht gespielt